[Event "Rubinstein Memorial op-C 57th"]
[Site "Polanica Zdroj"]
[Date "2021.08.22"]
[Round "9"]
[White "Uscinski, Marek"]
[Black "Szylko, Waldemar"]
[Result "1/2-1/2"]
[WhiteElo "1799"]
[BlackElo "1919"]
[PlyCount "116"]
[EventDate "2021.08.14"]
[EventType "swiss"]
[EventRounds "9"]
[EventCountry "POL"]
[SourceTitle "EXT 2023"]
[Source "ChessBase"]
[SourceDate "2022.10.05"]
[SourceVersion "1"]
[SourceVersionDate "2022.10.05"]
[SourceQuality "1"]

1. d4 c6 2. e4 d5 3. exd5 cxd5 4. c3 Nc6 5. Bf4 Nf6 6. Nf3 g6 7. Bd3 Bg7 8. h3 0-0 9. 0-0 Bf5 10. Bxf5 gxf5 11. Ne5 Nd7 12. Nxc6 bxc6 13. Qc2 e6 14. Nd2 Kh8 15. Nf3 Rg8 16. b4 Qf6 17. Kh1 Qg6 18. Rg1 Qh5 19. Qe2 Bf6 20. Rae1 Rg7 21. Ne5 Qxe2 22. Rxe2 Bxe5 23. Bxe5 Nxe5 24. Rxe5 Rgg8 25. Re2 Kg7 26. f4 h5 27. g3 Kf6 28. Kg2 Ke7 29. Kf2 Kd6 30. Ke3 a5 31. a3 axb4 32. axb4 Ra3 33. Kd3 Rb8 34. Rb2 Rg8 35. Rbg2 Rga8 36. Rb2 Ra1 37. Rxa1 Rxa1 38. Rg2 Rh1 39. h4 Ra1 40. Re2 Kc7 41. Re3 Kb6 42. Kc2 Kc7 43. Kb2 Rf1 44. Kb3 Kb6 45. Ka4 Rb1 46. Ka3 Kb5 47. Ka2 Rf1 48. Kb3 Rf2 49. Rd3 Re2 50. Rf3 Kb6 51. Ka4 Kc7 52. Kb3 Kd6 53. Ka4 f6 54. Kb3 Re4 55. Kc2 Re2+ 56. Kb3 Ke7 57. Ka4 Kd7 58. Kb3 Kc7 1/2-1/2

[Event "Rubinstein Memorial op-C 57th"]
[Site "Polanica Zdroj"]
[Date "2021.08.16"]
[Round "3"]
[White "Aleksandrowicz, Marek"]
[Black "Szylko, Waldemar"]
[Result "0-1"]
[WhiteElo "1868"]
[BlackElo "1919"]
[PlyCount "90"]
[EventDate "2021.08.14"]
[EventType "swiss"]
[EventRounds "9"]
[EventCountry "POL"]
[SourceTitle "EXT 2023"]
[Source "ChessBase"]
[SourceDate "2022.10.05"]
[SourceVersion "1"]
[SourceVersionDate "2022.10.05"]
[SourceQuality "1"]

1. e4 c6 2. d4 d5 3. Nc3 dxe4 4. Nxe4 Bf5 5. Ng3 Bg6 6. h4 h6 7. Nf3 Nd7 8. h5 Bh7 9. Bd3 Bxd3 10. Qxd3 e6 11. Bd2 Ngf6 12. 0-0-0 Qc7 13. Ne4 0-0-0 14. g3 Nxe4 15. Qxe4 Bd6 16. c4 c5 17. Kb1 Nf6 18. Qe2 Rhe8 19. dxc5 Bxc5 20. Bc3 Rxd1+ 21. Rxd1 Rd8 22. Rxd8+ Qxd8 23. Ne5 Ne4 24. Be1 f6 25. Nd3 Qd4 26. f3 Nd6 27. Nxc5 Qxc5 28. Qxe6+ Kc7 29. b3 Qxh5 30. g4 Qe5 31. Qxe5 fxe5 32. Bg3 Nf7 33. Kc2 Kd7 34. Kd3 Ke6 35. Bf2 a6 36. b4 b5 37. Be3 g6 38. Kc3 h5 39. gxh5 gxh5 40. cxb5 axb5 41. a4 bxa4 42. b5 a3 43. Kb3 h4 44. Kxa3 h3 45. Bg1 Ng5 0-1

[Event "Polanica Zdroj op-B 56th"]
[Site "Polanica Zdroj"]
[Date "2020.08.16"]
[Round "2"]
[White "Szylko, Waldemar"]
[Black "Sobotka, Jan"]
[Result "1-0"]
[WhiteElo "1970"]
[BlackElo "1636"]
[PlyCount "79"]
[EventDate "2020.08.15"]
[EventType "swiss"]
[EventRounds "9"]
[EventCountry "POL"]
[SourceTitle "CBM 198 Extra"]
[Source "ChessBase"]
[SourceDate "2020.11.30"]
[SourceVersion "1"]
[SourceVersionDate "2020.11.30"]
[SourceQuality "1"]

1. e4 c5 2. Nc3 d6 3. g3 Nf6 4. d3 Nc6 5. Bg2 e6 6. f4 Be7 7. Nf3 0-0 8. 0-0 a6 9. h3 Qc7 10. Ne2 b5 11. g4 Bb7 12. Ng3 Rad8 13. Be3 Rfe8 14. Qd2 Bf8 15. Kh1 e5 16. f5 d5 17. g5 Nxe4 18. Qe1 Nxg3+ 19. Qxg3 Rd7 20. g6 e4 21. Qh4 h6 22. Ng5 Nd8 23. dxe4 f6 24. Nh7 Qd6 25. Bf4 Qe7 26. exd5 Bxd5 27. Rae1 Bxg2+ 28. Kxg2 Ne6 29. Rxe6 Qd8 30. Rfe1 Qa8+ 31. Kh2 Red8 32. Qg3 c4 33. Qg2 Qc8 34. Qe2 c3 35. bxc3 Qxc3 36. Re3 Qb4 37. Re4 Qc3 38. Re8 Rxe8 39. Qxe8 Qxc2+ 40. Re2 1-0

[Event "Rubinstein Memorial-C 53rd"]
[Site "Polanica Zdroj"]
[Date "2017.08.26"]
[Round "8"]
[White "Szylko, Waldemar"]
[Black "Chmielewski, Miroslaw"]
[Result "1-0"]
[WhiteElo "1989"]
[BlackElo "1660"]
[PlyCount "63"]
[EventDate "2017.08.19"]
[EventType "swiss"]
[EventRounds "9"]
[EventCountry "POL"]
[SourceTitle "CBM 180 Extra"]
[Source "ChessBase"]
[SourceDate "2017.10.06"]
[SourceVersion "1"]
[SourceVersionDate "2017.10.06"]
[SourceQuality "1"]

1. e4 c5 2. Nc3 Nc6 3. g3 g6 4. d3 Bg7 5. Be3 d6 6. Bg2 Rb8 7. Qd2 b5 8. h4 b4 9. Nd1 a5 10. h5 gxh5 11. Ne2 Ne5 12. f3 Ng6 13. Rxh5 a4 14. Rb1 e6 15. Nf2 Nf6 16. Rh1 Ng8 17. Nh3 Qc7 18. Kf2 e5 19. f4 exf4 20. Nhxf4 Nf6 21. Kf1 Ng4 22. Nd5 Nxe3+ 23. Qxe3 Qd8 24. Bf3 0-0 25. Kg2 f5 26. Rh2 Ne5 27. Rbh1 Ng4 28. Bxg4 fxg4 29. Rxh7 Rf3 30. Rxg7+ Kxg7 31. Qh6+ Kf7 32. Qh5+ 1-0

[Event "Rubinstein Memorial-C 53rd"]
[Site "Polanica Zdroj"]
[Date "2017.08.22"]
[Round "4"]
[White "Szylko, Waldemar"]
[Black "Rak, Maciej"]
[Result "1-0"]
[WhiteElo "1989"]
[BlackElo "1727"]
[PlyCount "106"]
[EventDate "2017.08.19"]
[EventType "swiss"]
[EventRounds "9"]
[EventCountry "POL"]
[SourceTitle "CBM 180 Extra"]
[Source "ChessBase"]
[SourceDate "2017.10.06"]
[SourceVersion "1"]
[SourceVersionDate "2017.10.06"]
[SourceQuality "1"]

1. e4 c5 2. Nc3 e6 3. g3 d5 4. Bg2 Nf6 5. d3 Be7 6. f4 Nc6 7. e5 Nd7 8. Nf3 b5 9. 0-0 Qb6 10. Kh1 Bb7 11. Bd2 h6 12. a3 0-0-0 13. Be1 g5 14. f5 Ncxe5 15. fxe6 fxe6 16. Nxe5 Nxe5 17. Qe2 Bd6 18. Rf6 Bb8 19. Bf2 d4 20. Ne4 Rdf8 21. Rxf8+ Rxf8 22. Bg1 Qc7 23. Rf1 Qe7 24. b4 cxb4 25. Bxd4 Rxf1+ 26. Qxf1 Nd7 27. axb4 Qxb4 28. Qa1 a6 29. Bc3 Qa4 30. Qb2 g4 31. Bb4 Bd5 32. Nc3 Be5 33. Nxa4 Bxb2 34. Nxb2 Nb6 35. Kg1 Bxg2 36. Kxg2 Nd5 37. Bd2 h5 38. c4 Ne7 39. Kf2 Nf5 40. Bc3 Kb7 41. Nd1 Kb6 42. cxb5 axb5 43. Ne3 Ne7 44. Bf6 Nc6 45. Nc2 b4 46. Nd4 Nxd4 47. Bxd4+ Kc6 48. Ke3 Kd5 49. Bb2 e5 50. Ba1 b3 51. Bb2 e4 52. dxe4+ Kc4 53. e5 Kd5 1-0

[Event "POL-chT 2nd League"]
[Site "Mrzezyno"]
[Date "2011.09.06"]
[Round "4"]
[White "Krasiewicz, Robert"]
[Black "Szylko, Waldemar"]
[Result "1-0"]
[WhiteElo "2065"]
[BlackElo "2060"]
[PlyCount "83"]
[EventDate "2011.09.03"]
[EventType "team-swiss"]
[EventRounds "9"]
[EventCountry "POL"]
[SourceTitle "EXT 2015"]
[Source "ChessBase"]
[SourceDate "2014.11.20"]
[SourceVersion "1"]
[SourceVersionDate "2014.11.20"]
[SourceQuality "1"]
[WhiteTeam "Zielonka Zieloni"]
[BlackTeam "Lubsko Caissa"]
[WhiteTeamCountry "POL"]
[BlackTeamCountry "POL"]

1. d4 c6 2. g3 g6 3. Bg2 Bg7 4. c4 d5 5. cxd5 cxd5 6. Nc3 Nf6 7. Nf3 0-0 8. 0-0 Nc6 9. Ne5 e6 10. Nxc6 bxc6 11. Na4 Re8 12. Bg5 h6 13. Bd2 Nd7 14. Rc1 Bb7 15. Bf4 g5 16. Be3 Rb8 17. b3 Qe7 18. Qd2 Ba8 19. Qa5 Nb6 20. Nc5 e5 21. dxe5 Bxe5 22. Nd3 Bg7 23. Bc5 Qxe2 24. Rcd1 Qc2 25. Qxa7 Rb7 26. Qa6 Reb8 27. Rc1 Qe2 28. Rfe1 Qg4 29. Bd6 Rd8 30. Nc5 Rbd7 31. Nxd7 Nxd7 32. Qa5 Bf6 33. Be7 Rc8 34. Bxd5 Bd4 35. Re4 Bxf2+ 36. Kxf2 Qf5+ 37. Kg2 Re8 38. Bf6 Kh7 39. Rxe8 Nxf6 40. Be4 c5 41. Qxa8 Nxe4 42. Qxe4 1-0

[Event "POL-chT 2nd League"]
[Site "Miedzyzdroje"]
[Date "2009.09.19"]
[Round "8"]
[White "Szylko, Waldemar"]
[Black "Bukojemski, Adam"]
[Result "0-1"]
[WhiteElo "2094"]
[BlackElo "2206"]
[PlyCount "54"]
[EventDate "2009.09.12"]
[EventType "team-swiss"]
[EventRounds "9"]
[EventCountry "POL"]
[SourceTitle "EXT 2019"]
[Source "ChessBase"]
[SourceDate "2018.10.10"]
[SourceVersion "1"]
[SourceVersionDate "2018.10.10"]
[SourceQuality "1"]
[WhiteTeam "Lubsko Caissa"]
[BlackTeam "Krakow KKSz 1893"]
[WhiteTeamCountry "POL"]
[BlackTeamCountry "POL"]

1. e4 c5 2. Nc3 Nc6 3. g3 g6 4. d3 Bg7 5. Bg2 Nf6 6. h4 d6 7. Nh3 e5 8. Bg5 h6 9. Bd2 b5 10. 0-0 Nd4 11. f3 0-0 12. Ne2 d5 13. Nxd4 cxd4 14. Nf2 Nh5 15. Nh1 Be6 16. Qc1 Kh7 17. f4 exf4 18. Bxf4 Nxf4 19. Qxf4 Rc8 20. Rac1 h5 21. Nf2 f6 22. exd5 Bxd5 23. Bxd5 Qxd5 24. Ne4 Qe6 25. g4 hxg4 26. h5 f5 27. hxg6+ Qxg6 0-1

[Event "POL-chT 2nd League"]
[Site "Miedzyzdroje"]
[Date "2009.09.12"]
[Round "1"]
[White "Gawronski, Miroslaw"]
[Black "Szylko, Waldemar"]
[Result "1-0"]
[WhiteElo "2201"]
[BlackElo "2094"]
[PlyCount "65"]
[EventDate "2009.09.12"]
[EventType "team-swiss"]
[EventRounds "9"]
[EventCountry "POL"]
[SourceTitle "EXT 2019"]
[Source "ChessBase"]
[SourceDate "2018.10.10"]
[SourceVersion "1"]
[SourceVersionDate "2018.10.10"]
[SourceQuality "1"]
[WhiteTeam "Torun AZS UMK"]
[BlackTeam "Lubsko Caissa"]
[WhiteTeamCountry "POL"]
[BlackTeamCountry "POL"]

1. d4 c6 2. Nf3 d5 3. Bg5 Bf5 4. e3 Qb6 5. Qc1 e6 6. c4 Be7 7. Bf4 Nf6 8. h3 0-0 9. Nc3 Ne4 10. Be2 Nd7 11. 0-0 Ndf6 12. Nh4 Nxc3 13. bxc3 Be4 14. f3 Nd7 15. fxe4 Bxh4 16. cxd5 cxd5 17. Rb1 Qc6 18. exd5 exd5 19. Qb2 Nb6 20. Qb4 Rac8 21. Rb3 Qe6 22. Qa5 g5 23. Be5 Nd7 24. Rxb7 Nxe5 25. dxe5 Qxe5 26. Qxa7 Rxc3 27. Re7 Qg7 28. Bh5 Rc6 29. Rexf7 Rxf7 30. Bxf7+ Kh8 31. Qd7 Qc3 32. Be6 Qxe3+ 33. Kh1 1-0

[Event "Guben op 11th"]
[Site "Guben"]
[Date "2008.01.07"]
[Round "9"]
[White "Szylko, Waldemar"]
[Black "Dauth, Benjamin"]
[Result "0-1"]
[WhiteElo "2161"]
[BlackElo "2296"]
[PlyCount "102"]
[EventDate "2008.01.02"]
[EventType "swiss"]
[EventRounds "9"]
[EventCountry "GER"]
[SourceTitle "CBM 122 Extra"]
[Source "ChessBase"]
[SourceDate "2008.03.04"]
[SourceVersion "1"]
[SourceVersionDate "2008.03.04"]
[SourceQuality "1"]

1. e4 e5 2. Nf3 Nc6 3. d4 exd4 4. Bc4 Nf6 5. e5 d5 6. Bb5 Ne4 7. Nxd4 Bd7 8. Bxc6 bxc6 9. 0-0 Be7 10. f3 Nc5 11. f4 0-0 12. f5 f6 13. e6 Be8 14. Qg4 Kh8 15. Rf3 Ne4 16. Nc3 Bc5 17. Nce2 Qe7 18. c3 a5 19. Rh3 g6 20. fxg6 Rg8 21. Be3 Rxg6 22. Qh4 Ng5 23. Rg3 Ne4 24. Rxg6 Bxg6 25. Rf1 Rg8 26. Nf4 Bb6 27. Kh1 Qd6 28. Qh6 c5 29. Nf3 d4 30. Nh4 Be8 31. Nf5 Qe5 32. Nd3 Qxe6 33. cxd4 cxd4 34. Bxd4 Bxd4 35. Nxd4 Qg4 36. Ne1 Bg6 37. Ndf3 Qf5 38. Qe3 Qb5 39. Kg1 Qxb2 40. Nd3 Qxa2 41. Nh4 Nd2 42. Re1 Bxd3 43. Qxd3 Qb2 44. Rd1 Qb6+ 45. Kh1 Nb3 46. Nf5 Qf2 47. Ng3 a4 48. Qd5 Re8 49. Rf1 Qc5 50. Qf7 Qe7 51. Qc4 Nd2 0-1

[Event "Guben op 10th"]
[Site "Guben"]
[Date "2007.01.02"]
[Round "1.20"]
[White "Szylko, Waldemar"]
[Black "Stark, Eduard"]
[Result "1-0"]
[WhiteElo "2180"]
[BlackElo "2067"]
[PlyCount "67"]
[EventDate "2007.01.02"]
[EventType "swiss"]
[EventRounds "9"]
[EventCountry "GER"]
[SourceTitle "EXT 2021"]
[Source "ChessBase"]
[SourceDate "2020.10.23"]
[SourceVersion "1"]
[SourceVersionDate "2020.10.23"]
[SourceQuality "1"]

1. e4 e6 2. d4 d5 3. Nc3 h6 4. Nf3 Nf6 5. Bd3 Bb4 6. exd5 Nxd5 7. Bd2 b6 8. Qe2 Bb7 9. 0-0 Nxc3 10. bxc3 Bd6 11. Ne5 Bxe5 12. Qxe5 0-0 13. Rfe1 Nd7 14. Qg3 Kh8 15. f4 c5 16. f5 exf5 17. Qh3 Be4 18. Bxh6 Nf6 19. Bxe4 fxe4 20. Bg5+ Kg8 21. Qh4 Qd6 22. Rad1 Nh7 23. Be7 Qd5 24. dxc5 Qxa2 25. Bxf8 Rxf8 26. cxb6 axb6 27. Qxe4 Nf6 28. Qd3 b5 29. Qxb5 Qxc2 30. Qd3 Qa4 31. Qd4 Qa2 32. Rd2 Qb3 33. Qb4 Qxb4 34. cxb4 1-0

[Event "Guben op"]
[Site "Guben"]
[Date "2003.??.??"]
[Round "3"]
[White "Grosse, Marcus"]
[Black "Szylko, Waldemar"]
[Result "1/2-1/2"]
[WhiteElo "1885"]
[BlackElo "2178"]
[PlyCount "61"]
[EventDate "2003.??.??"]
[EventType "swiss"]
[EventRounds "7"]
[EventCountry "GER"]
[SourceTitle "EXT 2008"]
[Source "ChessBase"]
[SourceDate "2007.11.25"]
[SourceVersion "1"]
[SourceVersionDate "2007.11.25"]
[SourceQuality "1"]

1. e4 c6 2. d4 d5 3. e5 Bf5 4. c3 e6 5. Be3 Qb6 6. Qb3 Qxb3 7. axb3 Ne7 8. Nd2 Nd7 9. f4 Bg6 10. b4 Nf5 11. Bf2 h5 12. Ngf3 Be7 13. g3 0-0 14. Be2 f6 15. 0-0 a6 16. Kg2 fxe5 17. fxe5 Rf7 18. h3 Raf8 19. Rac1 Bh7 20. Rh1 Bd8 21. Rcf1 a5 22. b5 cxb5 23. Bxb5 Bg6 24. c4 Nb6 25. c5 Na8 26. Ra1 Ne7 27. Bd7 Rxf3 28. Nxf3 Be4 29. Ra3 Nc7 30. g4 Ng6 31. Bg3 1/2-1/2

[Event "Guben op"]
[Site "Guben"]
[Date "2003.??.??"]
[Round "6"]
[White "Szylko, Waldemar"]
[Black "Butunoi, Alexandru Victor"]
[Result "0-1"]
[WhiteElo "2178"]
[BlackElo "2372"]
[PlyCount "103"]
[EventDate "2003.??.??"]
[EventType "swiss"]
[EventRounds "7"]
[EventCountry "GER"]
[SourceTitle "EXT 2008"]
[Source "ChessBase"]
[SourceDate "2007.11.25"]
[SourceVersion "1"]
[SourceVersionDate "2007.11.25"]
[SourceQuality "1"]

1. e4 c5 2. b3 Nc6 3. Bb2 e5 4. Bc4 Nf6 5. Nc3 d6 6. Nge2 a6 7. a4 Be7 8. 0-0 0-0 9. d3 Rb8 10. Qd2 Nd4 11. a5 Nc6 12. Nd5 Be6 13. Nb6 Nd7 14. Nd5 Bg5 15. f4 Bh6 16. Qe1 Bg4 17. Bc3 exf4 18. Nexf4 Nde5 19. Qg3 Nd4 20. Bxd4 cxd4 21. h3 Be6 22. Kh1 Kh8 23. Nb6 Bxc4 24. bxc4 Bxf4 25. Qxf4 Qc7 26. Qd2 Rfe8 27. Nd5 Qc5 28. Nb4 Kg8 29. Nd5 Re6 30. Rf2 h6 31. Qe2 Nc6 32. Rf5 Re5 33. Raf1 Rf8 34. Qf2 Rxf5 35. Qxf5 Ne5 36. Qf2 Kh8 37. Ne7 Qxa5 38. Nf5 Nc6 39. Nxd6 f6 40. Nf5 Qe5 41. Nh4 Kh7 42. Qe2 a5 43. Rf5 Qg3 44. Nf3 a4 45. c3 dxc3 46. Qc2 a3 47. Qxc3 Ra8 48. Rb5 Ra7 49. Rb1 Qf2 50. Kh2 a2 51. Ra1 Qb6 52. Qc2 0-1